000 00920nam a2200289 a 4500
001 000044763
003 DO-SdBPM
005 20260115120709.0
007 ta
008 150109s2014 dr 000 0 spa d
040 _aDO-SdBPM
_bspa
_cBPMSU
_drda
082 4 _a RD861.5
_bR696q 2014
_222
100 1 _aRodríguez Reyes, Berelise
_eautora
_4aut.
245 1 3 _aLo que tengo y nadie conoce /
_cBerelise Rodríguez Reyes.
260 _b
_c
264 _aSanto Domingo :
_bs. n.,
_c2014
300 _a28 páginas ;
_c21 cm.
336 _atexto
_btxt
_2rdacontent
337 _asin mediación
_bn
_2rdamedia
338 _avolumen
_bnc
_2rdacarrier
500 _aIncluye datos biográficos de la autora en la contracubierta
590 _aInventariado, 20256/VM
650 7 _a Poesías juveniles dominicanas
650 7 _aLiteratura juvenil dominicana
910 _aVMateo V. Control de calidad BPMSU
942 _2ddc
_cBK
999 _c15602
_d15602